Counter-Strike Perfect World Shanghai Major 2024 - Teams - Statistics

General Stats
  • This quiz has been taken 62 times
  • The average score is 15 of 24
Answer Stats
Place Region Answer % Correct
1st RU Team Spirit
98%
2nd EU FaZe Clan
96%
3rd-4th EU G2 Esports
96%
9th-11th EU Natus Vincere
91%
3rd-4th EU MOUZ
85%
5th-8th EU Team Vitality
85%
5th-8th MN The MongolZ
80%
5th-8th NA Team Liquid
76%
20th-22nd RU Virtus.pro
76%
9th-11th BR FURIA
74%
12th-14th BR paiN Gaming
70%
12th-14th FR 3DMAX
61%
5th-8th EU HEROIC
57%
15th-16th DE BIG
54%
9th-11th BR MIBR
52%
20th-22nd RU Cloud9
50%
17th-19th NA Complexity
48%
17th-19th AU FlyQuest
46%
23th-24th BR Imperial
46%
17th-19th UA Passion UA
41%
23th-24th EU fnatic
39%
20th-2nd CH Rare Atom
39%
12th-14th EU GamerLegion
37%
15th-16th NA Wildcard
37%
No matching quizzes found
Score Distribution
Percent of People with Each Score
Percentile by Number Answered
Your Score History
You have not taken this quiz